000 01214nam a22003497a 4500
003 CHAP
005 20220329133016.0
008 971013s1985 r 00010 d
010 _a1229
011 _a2201
035 _a1392
040 _cCHAP
082 _a574
_bM8
100 0 0 _aMuñoz Samayoa, Enrique.
_979679
245 _aApuntes de biología
260 _aMéxico, D. F. :
_bEd. Herrero,
_c1985
300 _a127 p.
_b: ilus.
500 _a40-228
590 _aBATCH-UPD
_b10
_c20130110
_lUCH01
_h0224
590 _aBATCH-UPD
_b10
_c20130110
_lUCH01
_h1805
590 _aBATCH-UPD
_b10
_c20130409
_lUCH01
_h2245
590 _aBATCH-UPD
_b10
_c20130410
_lUCH01
_h1140
590 _aBATCH-UPD
_b10
_c20130914
_lUCH01
_h0632
590 _aCONVERSION
_b10
_c20130109
_lUCH01
_h1302
650 1 4 _aBiología.
_912773
901 _aBK
942 _cLIBRO
949 _a574 M8
_bBC
_cLIBRO
_d33724000458105
_eLIBRO
_gI. c/e
_h78121
_i1392
_si
_t14.30
949 _a574 M8
_bBC
_cLIBRO
_d33724000582078
_eLIBRO
_fc.4
_gI. c/e
_h78124
_i1392
_si
_t14.30
949 _a574 M8
_bBC
_cLIBRO
_d33724000871562
_eLIBRO
_fc.2
_gI. c/e
_h78122
_i1392
_si
_t14.30
949 _a574 M8
_bBC
_cLIBRO
_d33724000982948
_eLIBRO
_fc.3
_gI. c/e
_h78123
_i1392
_si
_t14.30
999 _c1229
_d1229